000 00578nmm a2200193Ia 4500
008 251105s9999||||xx |||||||||||||||||und||
020 _a9788416170524
041 _aspa
100 _aLukàcs, Georg
245 0 _aLenin: la coherencia de su pensamiento
264 _a[Madrid, España] :
_bBiblioteca Nueva,
_c2016
300 _a200 páginas
490 _aClásicos del pensamiento
650 _aPolitical Science (General)
700 _aLukàcs, Georg
700 1 _a Muñoz Veiga, Jacobo (ed.)
856 _uhttps://public.digitaliapublishing.com/a/50784
942 _cCF
999 _c68081
_d68081